Zonificación ambiental para el plan modelo colombo-brasilero : (Registro nro. 785)

Detalles MARC
000 -CABECERA
Campo de control 01267cam a2200289 a 4500
005 - FECHA Y HORA DE LA ULTIMA TRANSACCION
Campo de control 20161013020002.0
008 - ELEMENTOS DE LONGITUD FIJA—INFORMACION GENERAL
Campo de control 990514s1997 ck ab b f000 0 spa d
020 ## - ISBN
ISBN 9589067336
040 ## - FUENTE DE CATALOGACIÓN
Agencia catalogadora original NjP
Agencia transcriptora NjP
Agencia Modificadora DLC
-- CO-BoIAVH
041 ## - IDIOMA
Código de idioma para texto/pista de sonido o título separado Español
042 ## - AUTHENTICATION CODE
Authentication code lccopycat
043 ## - GEOGRAPHIC AREA CODE
Geographic area code s-ck---
082 04 - NUMERO DE CLASIFICACION DECIMAL DEWEY
Número de clasificación 333.7317
Número del ítem Z87z2
245 00 - MENCION DE TITULO
Título Zonificación ambiental para el plan modelo colombo-brasilero :
Parte restante del título (eje Apaporis-Tabatinga, PAT).
260 ## - PUBLICACION, DISTRIBUCION, ETC. (PIE DE IMPRENTA)
Lugar de publicación, distribución, etc. Bogotá :
Nombre del editor, distribuidor, etc. República de Colombia, Ministerio de Hacienda y Crédito Público :
-- Instituto Geográfico Agustín Codazzi, Subdirección de Geografía,
Fecha de publicación, distribución, etc. 1997.
300 ## - DESCRIPCION FISICA
Extensión 410 páginas :
Otros detalles físicos ilustraciones (algunas a color) ;
Dimensiones 28 cm.
650 14 - ASIENTO SECUNDARIO DE MATERIA - TERMINO TEMATICO
Término temático o nombre geográfico como elemento de entrada Animales y plantas
Subdivisión general Distribución geográfica
Subdivisión geográfica Amazonas
9 (RLIN) 55966
650 24 - ASIENTO SECUNDARIO DE MATERIA - TERMINO TEMATICO
Término temático o nombre geográfico como elemento de entrada Historia natural
Subdivisión geográfica Amazonas
9 (RLIN) 55967
650 #0 - ASIENTO SECUNDARIO DE MATERIA - TERMINO TEMATICO
Término temático o nombre geográfico como elemento de entrada Biotic communities
Subdivisión geográfica Colombia
-- Amazonas (Department)
9 (RLIN) 55968
650 24 - ASIENTO SECUNDARIO DE MATERIA - TERMINO TEMATICO
Término temático o nombre geográfico como elemento de entrada Diversidad biológica
Subdivisión geográfica Amazonas
9 (RLIN) 55969
650 24 - ASIENTO SECUNDARIO DE MATERIA - TERMINO TEMATICO
Término temático o nombre geográfico como elemento de entrada Conservación biológica
Subdivisión geográfica Amazonas
9 (RLIN) 55970
650 24 - ASIENTO SECUNDARIO DE MATERIA - TERMINO TEMATICO
Término temático o nombre geográfico como elemento de entrada Recursos naturales
Subdivisión geográfica Amazonas
9 (RLIN) 55971
650 24 - ASIENTO SECUNDARIO DE MATERIA - TERMINO TEMATICO
Término temático o nombre geográfico como elemento de entrada Desarrollo sostenible
Subdivisión geográfica Amazonas
9 (RLIN) 55972
710 1# - ASIENTO SECUNDARIO - NOMBRE CORPORATIVO
Nombre corporativo o de jurisdicción como elemento de entrada Colombia.
Unidad subordinada Ministerio de Hacienda y Crédito Público.
9 (RLIN) 55973
710 2# - ASIENTO SECUNDARIO - NOMBRE CORPORATIVO
Nombre corporativo o de jurisdicción como elemento de entrada Instituto Geográfico "Agustín Codazzi."
9 (RLIN) 55974
942 ## - ELEMENTOS ADICIONALES (KOHA)
Sistema de clasificación Dewey Decimal Classification
Tipo de ítem Libro
Koha issues (borrowed), all copies 1
Existencias
Withdrawn status Lost status Sistema de Clasificación Damaged status No para préstamo Colección Inventariado Ubicación Permanente Ubicación actual Fecha de adquisición Fuente de Valor Valor Total Checkouts Número topográfico Inventario / Código de Barras Date last seen Date checked out Ejemplar Price effective from Forma de adquisición Tipo de material
    Dewey Decimal Classification     General Inventariado 2017 Bogotá Bogotá 09/08/1998 Samper, Cristián 39000.00 1 LB-333.7317 Z87z2 001114 12/10/2016 12/10/2016 Ej. 1 04/12/2012   Libro
    Dewey Decimal Classification     General Inventariado 2017 Sala Fabio Quevedo Sala Fabio Quevedo 27/05/2004   39000.00   LB-333.7317 Z87z2 015729 04/12/2012   Ej. 2 04/12/2012   Libro